Statistiken für Deutschsprachige Länder

Klicken Sie hier um das Quiz zu spielen!

Allgemein

  • Dieses Quiz wurde 275 mal gespielt
  • Das Durchschnittsergebnis liegt bei 6 aus 8

Antwortstatistiken

%Länder% Korrekt
85%Deutschland
99%
89%Österreich
98%
63%Schweiz
98%
92%Liechtenstein
89%
3,1%Luxemburg
85%
1.2%Frankreich
69%
5%Italien
69%
2,7%Belize
2%

Verteilung der Resultate

Perzentil nach korrekt beantworteten Fragen

Anzahl Personen mit jedem Resultat

Ihre Resultats-Entwicklung

Sie haben dieses Quiz noch nicht gespielt